ბათუმის შოთა რუსთაველის სახელმწიფო უნივერსიტეტის ბიბლიოთეკა

ჭვანელთა მუღამები და ოხუნჯობანი / (ბიბ.ჩანაწერი № 41551)

000 -ლიდერი
ფიქსირებული სიგრძის საკონტროლო ველი 01002nam a2200229Ia 4500
001 - საკონტროლო ნომერი
საკონტროლო ველი 8219
003 - საკონტროლო ნომრის იდენტიფიკატორი
საკონტროლო ველი GE_BSU
005 - ბოლო ოპერაციის თარიღი და დრო
საკონტროლო ველი 20240418165535.0
008 - ფიქსირებული სიგრძის მონაცემთა ელემენტები - ზოგადი ინფორმაცია
ფიქსირებული სიგრძის საკონტროლო ველი 181216s2013||||ge |||||||||||||| ||geo||
020 ## - წიგნის საერთაშორისო სტანდარტული ნომერი
International Standard Book Number 9789941934667
040 ## - კატალოგიზაციის წყარო
Transcribing agency GE_BSU
041 ## - ენის კოდი
Language code of text/sound track or separate title geo
080 ## - უნივერსალური ათობითი კლასიფიკაციის ინდექსი
Universal Decimal Classification number 82-36(479.223) ქ-16
100 ## - მთავარი ჩანაწერი - პიროვნების სახელი
Personal name ქათამაძე, დემურ
9 (RLIN) 21874
245 ## - ცნობა სათაურის შესახებ
Title ჭვანელთა მუღამები და ოხუნჯობანი /
Statement of responsibility, etc დემურ ქათამაძე, აკაკი ზოიძე ; რედ. მურმან ჭაღალიძე.
264 ## - წარმოების, გამოცემის, დისტრიბუციის და სხვა ცნობები
გამოცემის, წარმოების, დისტრიბუციის... ადგილი თბილისი :
გამოცემის, წარმოების, დისტრიბუციის... სახელწოდება ივერიონი,
გამოცემის, წარმოების, დისტრიბუციის... თარიღი 2013.
300 ## - ფიზიკური აღწერა
Extent 135 გვ.
Dimensions 20 სმ.
653 ## - INDEX TERM--UNCONTROLLED
Uncontrolled term ჭვანელთა მუღამები და ოხუნჯობანი
700 ## - ADDED ENTRY--PERSONAL NAME
Personal name ზოიძე, აკაკი
Relator term ავტორი
9 (RLIN) 2060
700 ## - ADDED ENTRY--PERSONAL NAME
Personal name ჭაღალიძე, მურმან
Relator term რედაქტორი
9 (RLIN) 21875
942 ## - ADDED ENTRY ELEMENTS (KOHA)
Koha item type წიგნი
Source of classification or shelving scheme
ეგზემპლარები
ჩამოწერის სტატუსი დაკარგული ეგზემპლარის სტატუსი კლასიფიკაციის წყარო ან თაროზე გაწყობის სქემა დაზიანების სტატუსი არ გაიცემა მუდმივი მდებარეობა (დაცვის ადგილი) ამჟამინდელი ადგილსამყოფელი თაროზე განთავსების ადგილი შეძენის თარიღი სრული შენახვის შიფრი შტრიხკოდი ბოლო ოპერაციის თარიღი ეგზემპლარის მიმდევრობითი ნომერი (კეტერი?) ფასის ძალაში შესვლის თარიღი ეგზემპლარის სახეობა
          ბათუმის შოთა რუსთაველის სახელმწიფო უნივერსიტეტის მთავარი ბიბლიოთეკა ბათუმის შოთა რუსთაველის სახელმწიფო უნივერსიტეტის მთავარი ბიბლიოთეკა წიგნსაცავი 2018-12-17 82-36(479.223) ქ-16 26626 2018-12-17 26626 2018-12-17 წიგნი
          ბათუმის შოთა რუსთაველის სახელმწიფო უნივერსიტეტის მთავარი ბიბლიოთეკა ბათუმის შოთა რუსთაველის სახელმწიფო უნივერსიტეტის მთავარი ბიბლიოთეკა წიგნსაცავი 2018-12-17 82-36(479.223) ქ-16 26627 2018-12-17 26627 2018-12-17 წიგნი